| 000 | 00824nac a22001691u 4500 | ||
|---|---|---|---|
| 008 | 101020s2006 xxu||||| |||| 00| 0 ara d | ||
| 082 |
_a212 _bم ك ا |
||
| 245 |
_aمكانة التسامح في الإسلام / _cخالد أبو الفضل ...[و آخ]؛ ترجمة سامر زيتون |
||
| 260 |
_aالقاهرة : _bمكتبة مدبولي ،2006 _c2006. |
||
| 300 |
_a144 ص ؛ _c18 سم. |
||
| 511 | _aCatalogued by: Sara | ||
| 650 |
_aالتسامح الديني الإسلامى _920531 |
||
| 700 |
_aأبو الفضل ، خالد _916658 _eتحرير |
||
| 700 |
_aزيتون ، سامر _920534 _eترجمة |
||
| 942 |
_cBB _k212 م ك ا _2ddc |
||
| 999 |
_c5959 _d5959 |
||